000 00627nam a2200193Ii 4500
003 JO-AjNU
008 230605s9999||||xx |||||||||||||| ||und||
040 _aJO-AjNU
_bara
_erda
_cJO-AjNU
041 _aara
050 1 4 _aPJ6121.R356 1900
100 3 _aرمضان، محيي الدين,
_eauthor
_910350
245 0 0 _aفي صوتيات العربية
264 3 1 _aعمان: مكتبة الرسالة الحديثة، 1900
300 _a226ص
336 _atext
_btxt
_2rdacontent
337 _aunmediated
_bn
_2rdamedia
338 _avolume
_bnc
_2rdacarrier
650 4 _aاللغة العربية-اصوات لغوية
_910351
999 _aA1762
_c5330
_d5330